San Antonio executive

Detalles Bibliográficos
Formato: Electrónico Seriadas
Lenguaje:inglés
Publicado: San Antonio : San Antonio Business Journal, Inc.,
Materias:
Acceso en línea:Full text available from Research Library: 10/28/1985 to 01/19/1987

MARC

LEADER 00000nas a22000005a 4500
001 ssj0026998
003 WaSeSS
005 20200512172242.0
006 m d
007 cr n
008 020524uuuuuuuuutxuuu s 0eng
035 |a (WaSeSS)ssj0026998 
040 |d WaSeSS 
245 0 0 |a San Antonio executive  |h [electronic resource]. 
260 |a San Antonio :  |b San Antonio Business Journal, Inc., 
506 |a License restrictions may limit access. 
650 7 |a Business, regional.  |2 MiFhGG 
650 7 |a Business.  |2 MiFhGG 
655 0 |a Electronic journals. 
856 4 0 |z Full text available from Research Library: 10/28/1985 to 01/19/1987  |u https://search.proquest.com/publication/31414